| 000 | 00624nam a22002057a 4500 | ||
|---|---|---|---|
| 005 | 20160204101124.0 | ||
| 008 | 160204b xxu||||| |||| 00| 0 spa d | ||
| 041 | _aEspañol | ||
| 082 |
_a3.27 _bV432t |
||
| 100 |
_aVelarde Valdez, Mónica _92850 |
||
| 100 |
_aGómez Nieves, Salvador _92851 |
||
| 245 | _aTurismo sustentable y desarrollo rural: estudios en Polonia, Costa Rica y México | ||
| 260 |
_aMéxico _bUniversitaria _c2014 |
||
| 300 | _a116 páginas | ||
| 650 |
_aECOTURISMO _9923 |
||
| 650 |
_aTURISMO SUSTENTABLE _92852 |
||
| 650 |
_aTURISMO RURAL _91917 |
||
| 650 |
_aTURISMO COMUNITARIO _92853 |
||
| 942 | _cBK | ||
| 999 |
_c7604 _d7604 |
||